000 01456nam a22003737a 4500
003 CHAP
005 20220329143741.0
008 110603s2011 mx r 00110 spa d
010 _a101402
011 _a102374
035 _a113062
040 _cCHAP
090 _aTesis
100 1 _aLuciano Damián, Isaac de la Luz.
_968878
245 1 0 _aCapacidad antioxidante de accesiones selectas de tejocote de México
_h[En línea]
_c/por Isaac de la Luz Luciano Damian
260 _aChapingo, Méx. :
_bEl autor,
_c2011
500 _aPara ver el contenido del matrial haga clic en la liga
502 _aTesis (Ing. Agr. Esp. en Fitotecnia) -- UACH. Departamento de Fitotecnia
590 _aALEPH
_b10
_c20130110
_lUCH01
_h1540
590 _aBATCH-UPD
_b10
_c20130110
_lUCH01
_h1220
590 _aBATCH-UPD
_b10
_c20130410
_lUCH01
_h0755
590 _aBATCH-UPD
_b10
_c20130914
_lUCH01
_h1735
590 _aBATCH-UPD
_b10
_c20140324
_lUCH01
_h1525
590 _aBATCH-UPD
_b10
_c20141002
_lUCH01
_h0849
590 _aCONVERSION
_b10
_c20130109
_lUCH01
_h1356
650 1 4 _aTejocote
_xMéxico.
_9112058
650 1 4 _aTejocote
_xProcesado.
_9112065
650 1 4 _aTejocote
_xVariedades.
_9112072
856 _3Finding aid
_uhttp://10.13.5.2/tesis/113062.pdf
_zTeclea aqui
901 _aBK
942 _cFOLL
949 _aTesis
_bBC
_cTES
_d33724002250967
_eTS1
_gDonaciØn
_h52343
_i113062
_st
949 _aTesis
_bBC
_cTES
_d33724002251009
_eTS2
_fc.2
_gDonaciØn
_h52344
_i113062
_st
999 _c101402
_d101402